00325nam a2200121Ia 4500008004100000041000800041082001700049100002100066245004500087260002800132300003200160365001100192240624s9999 xx 000 0 und d aeng a658.4012 HEB aHABERBERG ADRIAN aSTRATEGIC MANAGEMENT THEORY AND APPLICAT c2014aNew DelhibOxford axxiv, : 821 : p. : cm. ; 26 cRSb31